00273nam a22000977a 4500008004100000082001500041100000900056245006900065260002200134300001900156230703b xxu||||| |||| 00| 0 eng d a342bCKRC  cCKRC aReport of the Constitution of Kenya Review CommissionbMt. Elgon aKenyabCKRCc2003 avarious paging